000 00515cam a22002171 4500
001 sa 63002794
003 DLC
005 20260227111936.0
008 890918s1963 ii a 000 0 hino
010 _asa 63002794
035 _a(OCoLC)20364385
040 _aDLC
_cWaU
_dDLC
042 _apremarc
050 0 0 _aPK2098.P684
_bB3
100 1 _aPrakash, Satya.,
_d1922-
245 1 0 _aBadalatī diśāeṃ.
260 _c[1963]
300 _a123 p.
_billus.
_c19 cm.
500 _aIn Hindi.
500 _aA play.
999 _c54670
_d54670